El legado alternativo.
Kaydedildi:
| Yazar: | |
|---|---|
| Diğer Yazarlar: | |
| Materyal Türü: | Kitap |
| Baskı/Yayın Bilgisi: |
Madrid, España:
Dykinson,
2003.
|
| Seri Bilgileri: | Colección Monografías de Derecho Civil,
V. Derecho de sucesiones. |
| Konular: | |
| Etiketler: |
Etiketle
Etiket eklenmemiş, İlk siz ekleyin!
|
MARC
| LEADER | 00000nam a22000007a 4500 | ||
|---|---|---|---|
| 003 | CL-VaPUC | ||
| 005 | 20220822114513.0 | ||
| 008 | 220620b2003 ||||| |||| 00| 0 eng d | ||
| 999 | |c 436146 |d 436144 | ||
| 020 | |a 84-9772-041-5 | ||
| 040 | |c Pontificia Universidad Católica de Valparaíso | ||
| 082 | |a 346.46052 CUA 2003 | ||
| 100 | 1 | |a Cuadrado Pérez, Carlos |e autor |9 870961 | |
| 245 | 3 | |a El legado alternativo. | |
| 260 | |a Madrid, España: |b Dykinson, |c 2003. | ||
| 300 | |a 131 páginas. | ||
| 490 | |a Colección Monografías de Derecho Civil, |v V. Derecho de sucesiones. | ||
| 500 | |a c.1 Donación Familia Prof. Alejandro Guzmán Brito. | ||
| 583 | |c 20220620 |k Cristina María Rojas Aguilar | ||
| 650 | |a Herencias y sucesiones |z España |9 870968 | ||
| 650 | |a Derecho civil |z España |9 870969 | ||
| 700 | |a Pérez de Vargas Muñoz, José |e prólogo |9 870962 | ||
| 942 | |2 ddc |c BK |n 0 | ||
| 952 | |0 0 |1 0 |2 ddc |4 0 |5 1 |6 346_460520000000000_CUA_2003 |7 1 |8 C_AGB |9 583885 |a BIBDER |b BIBDER |d 2022-06-20 |e Donación |i 5651998 |o 346.46052 CUA 2003 |p 5651998 |r 2023-01-25 |t 1 |w 2022-06-20 |y BK_US |k AGB | ||